[Event "IND-ch U15 Girls"]
[Site "New Delhi"]
[Date "2010.09.04"]
[Round "1"]
[White "Shweta, Gole"]
[Black "Shivika, Jain"]
[Result "1-0"]
[WhiteElo "1814"]
[BlackElo "1296"]
[PlyCount "115"]
[EventDate "2010.09.04"]
[EventType "swiss"]
[EventRounds "11"]
[EventCountry "IND"]
[SourceTitle "CBM 138 Extra"]
[Source "ChessBase"]
[SourceDate "2010.10.29"]
[SourceVersion "1"]
[SourceVersionDate "2010.10.29"]
[SourceQuality "1"]

1. d4 Nf6 2. c4 e6 3. Nf3 d5 4. Nc3 Bb4 5. Qa4+ Nc6 6. Bg5 Bd7 7. Qc2 h6 8. Bxf6 Qxf6 9. e3 0-0-0 10. a3 Bxc3+ 11. Qxc3 Kb8 12. cxd5 exd5 13. Rc1 Rc8 14. Bb5 a6 15. Bd3 Rhe8 16. Qc5 Qd6 17. Qc3 f6 18. Nd2 Nd8 19. Nb3 Qc6 20. Qd2 Qb6 21. Nc5 Bc6 22. Bf5 Nf7 23. Bxc8 Rxc8 24. 0-0 Nd6 25. b3 a5 26. a4 Qb4 27. Qxb4 axb4 28. Nd3 Re8 29. Nxb4 Bd7 30. Nxd5 Rc8 31. Nf4 g5 32. Nd3 b6 33. Nb4 Kb7 34. f3 Ra8 35. Rc3 Ne8 36. Rfc1 Rc8 37. d5 h5 38. e4 Kb8 39. Nc6+ Kb7 40. Ne7 Ra8 41. Ng8 h4 42. Nh6 Rc8 43. Nf7 Ra8 44. e5 fxe5 45. Nxe5 Bf5 46. Nf7 g4 47. Nh6 Bd7 48. fxg4 Rc8 49. Nf5 Bxf5 50. gxf5 Nf6 51. d6 Rg8 52. Rxc7+ Kb8 53. d7 Nxd7 54. Rxd7 h3 55. g3 Rf8 56. Re1 Kc8 57. Rh7 Kd8 58. Re5 1-0